[Event "Staufer op 26th"]
[Site "Schwaebisch Gmuend"]
[Date "2014.01.05"]
[Round "7"]
[White "Hoegy, Kevin"]
[Black "Kraemer, Enrico"]
[Result "1-0"]
[WhiteElo "2255"]
[BlackElo "2121"]
[PlyCount "65"]
[EventDate "2014.01.02"]
[EventType "swiss"]
[EventRounds "9"]
[EventCountry "GER"]
[SourceTitle "CBM 158 Extra"]
[Source "ChessBase"]
[SourceDate "2014.02.28"]
[SourceVersion "1"]
[SourceVersionDate "2014.02.28"]
[SourceQuality "1"]

1. d4 Nf6 2. c4 g6 3. Nf3 Bg7 4. Nc3 0-0 5. Bg5 d6 6. e3 Nbd7 7. Qc2 c5 8. Be2 cxd4 9. Nxd4 Ne5 10. 0-0 Nc6 11. Rad1 Bd7 12. Rfe1 Re8 13. Nxc6 bxc6 14. c5 d5 15. b4 Bf5 16. Bd3 Bxd3 17. Qxd3 Nd7 18. Qc2 Qc8 19. e4 d4 20. Ne2 e5 21. Nc1 Nf8 22. Nd3 Ne6 23. Bd2 h5 24. Qc4 a6 25. a4 Nc7 26. f4 exf4 27. Bxf4 Ne6 28. Be5 Bxe5 29. Nxe5 Rd8 30. Rd2 a5 31. Rf1 Rf8 32. Rdf2 Ra7 33. Nxg6 1-0

[Event "Staufer op 26th"]
[Site "Schwaebisch Gmuend"]
[Date "2014.01.04"]
[Round "6"]
[White "Bergauz, Avigdor"]
[Black "Hoegy, Kevin"]
[Result "0-1"]
[WhiteElo "2139"]
[BlackElo "2255"]
[PlyCount "56"]
[EventDate "2014.01.02"]
[EventType "swiss"]
[EventRounds "9"]
[EventCountry "GER"]
[SourceTitle "CBM 158 Extra"]
[Source "ChessBase"]
[SourceDate "2014.02.28"]
[SourceVersion "1"]
[SourceVersionDate "2014.02.28"]
[SourceQuality "1"]

1. c4 e6 2. g3 Nf6 3. Bg2 d5 4. Nf3 Be7 5. 0-0 0-0 6. b3 c5 7. cxd5 Nxd5 8. Bb2 Nc6 9. Na3 b6 10. Nc4 Bb7 11. e3 Bf6 12. d4 b5 13. Nce5 Nxe5 14. Nxe5 Bxe5 15. dxe5 Qb6 16. a3 Rfd8 17. Qg4 Ne7 18. Bxb7 Qxb7 19. Rfd1 c4 20. Rd6 Nf5 21. Rad1 Nxd6 22. exd6 f5 23. Qd4 Rd7 24. bxc4 bxc4 25. Qxc4 Qxb2 26. Qxe6+ Rf7 27. Rd4 Qb1+ 28. Kg2 Qb7+ 0-1

[Event "Oberliga Nord N 1314"]
[Site "Germany"]
[Date "2013.10.13"]
[Round "1.4"]
[White "Hoegy, Kevin"]
[Black "Schulenburg, Fabian"]
[Result "1/2-1/2"]
[WhiteElo "2235"]
[BlackElo "2210"]
[PlyCount "84"]
[EventDate "2013.10.13"]
[EventType "team-tourn"]
[EventRounds "9"]
[EventCountry "GER"]
[SourceTitle "EXT 2015"]
[Source "ChessBase"]
[SourceDate "2014.11.20"]
[SourceVersion "1"]
[SourceVersionDate "2014.11.20"]
[SourceQuality "1"]
[WhiteTeam "Hamburger SK III"]
[BlackTeam "Hamburg Diogenes"]
[WhiteTeamCountry "GER"]
[BlackTeamCountry "GER"]

1. d4 e6 2. Nf3 Nf6 3. c4 d5 4. Nc3 Nbd7 5. Bf4 c6 6. e3 Be7 7. h3 0-0 8. Qc2 b6 9. Be2 dxc4 10. Bxc4 Bb7 11. Rd1 b5 12. Be2 Qb6 13. 0-0 a6 14. e4 c5 15. d5 exd5 16. Nxd5 Nxd5 17. exd5 Bd6 18. Ng5 Nf6 19. Bxd6 Qxd6 20. Bf3 Rfe8 21. Ne4 Nxe4 22. Bxe4 g6 23. Bf3 Re5 24. Rfe1 Rae8 25. Rxe5 Rxe5 26. a4 b4 27. g3 Re8 28. Qc4 Rc8 29. b3 Kf8 30. Kh2 h5 31. Rd2 Re8 32. Rc2 Rc8 33. Rd2 Rc7 34. Rc2 Rc8 35. Kg2 a5 36. Qd3 Ba6 37. Qe3 c4 38. bxc4 Bxc4 39. Kh2 b3 40. Rd2 Qf6 41. d6 b2 42. Qe7+ Qxe7 1/2-1/2

[Event "Oberliga Nord N 1213"]
[Site "Germany"]
[Date "2013.02.03"]
[Round "6.5"]
[White "Westphal, Bernd"]
[Black "Hoegy, Kevin"]
[Result "1/2-1/2"]
[WhiteElo "2128"]
[BlackElo "2204"]
[PlyCount "141"]
[EventDate "2012.10.14"]
[EventType "team-tourn"]
[EventRounds "9"]
[EventCountry "GER"]
[SourceTitle "EXT 2015"]
[Source "ChessBase"]
[SourceDate "2014.11.20"]
[SourceVersion "1"]
[SourceVersionDate "2014.11.20"]
[SourceQuality "1"]
[WhiteTeam "Schwarzenbek"]
[BlackTeam "Hamburger SK III"]
[WhiteTeamCountry "GER"]
[BlackTeamCountry "GER"]

1. d4 Nf6 2. c4 e6 3. Nc3 d5 4. Bg5 Be7 5. cxd5 exd5 6. e3 Nbd7 7. Bd3 0-0 8. Nf3 Re8 9. 0-0 c6 10. Qc2 Nf8 11. h3 Be6 12. a3 Ng6 13. b4 Bd6 14. e4 dxe4 15. Nxe4 Be7 16. Nc5 Bc8 17. Rfe1 Nd5 18. Bxe7 Rxe7 19. Rxe7 Ndxe7 20. Re1 b6 21. Nb3 Be6 22. Bc4 Nd5 23. Nbd2 a5 24. b5 cxb5 25. Bxb5 Rc8 26. Qb2 Nc3 27. Ba6 Na4 28. Qa1 Rc7 29. Rc1 Nf4 30. Kh1 Nd5 31. Ne4 Rxc1+ 32. Qxc1 Qc7 33. Qe1 h6 34. Bf1 Nac3 35. Bd3 b5 36. Nc5 Qc8 37. Qe5 b4 38. axb4 axb4 39. Bc4 Qc7 40. Qxc7 Nxc7 41. Nxe6 fxe6 42. Kg1 Kf7 43. Ne5+ Kf6 44. Nc6 N3d5 45. Kf1 Kf7 46. g3 Ke8 47. Ke1 Kd7 48. Ne5+ Kd6 49. Kd2 Nf6 50. Kd3 Ncd5 51. Nf3 Nd7 52. Bb3 e5 53. Nd2 N5b6 54. Ne4+ Ke7 55. h4 exd4 56. Kxd4 Nf6 57. Nxf6 Kxf6 58. Kc5 Nd7+ 59. Kxb4 Ke5 60. Kc3 Ke4 61. Kd2 Nf6 62. Ke2 g5 63. Bc2+ Ke5 64. Kf3 gxh4 65. gxh4 Nd5 66. h5 Kf6 67. Be4 Nc7 68. Kf4 Kg7 69. Ke5 Ne8 70. Bf5 Nf6 71. Be6 1/2-1/2

[Event "Staufer op 24th"]
[Site "Schwaebisch Gmuend"]
[Date "2012.01.06"]
[Round "9"]
[White "Jurek, Josef"]
[Black "Hoegy, Kevin"]
[Result "1-0"]
[WhiteElo "2350"]
[BlackElo "2166"]
[PlyCount "55"]
[EventDate "2012.01.02"]
[EventType "swiss"]
[EventRounds "9"]
[EventCountry "GER"]
[SourceTitle "CBM 146 Extra"]
[Source "ChessBase"]
[SourceDate "2012.02.29"]
[SourceVersion "1"]
[SourceVersionDate "2012.02.29"]
[SourceQuality "1"]

1. Nf3 Nf6 2. g3 d5 3. Bg2 e6 4. 0-0 Be7 5. d3 c5 6. Nbd2 Nc6 7. e4 0-0 8. Re1 b5 9. exd5 exd5 10. d4 c4 11. Ne5 Bb7 12. Nf1 Nxe5 13. dxe5 Ne4 14. Be3 f6 15. f3 Nc5 16. exf6 Rxf6 17. Bd4 Rg6 18. Ne3 Ne6 19. Nf5 Bf8 20. Bf2 Qd7 21. Re5 d4 22. Nxd4 Rd8 23. c3 Bc5 24. Bh3 Nxd4 25. Bxd7 Nxf3+ 26. Qxf3 Bxf3 27. Bxc5 Rxd7 28. Re8+ 1-0